000 01494cam a22004214i 4500
003 PE-LiUPU
005 20250731175623.0
008 150623s r 000 0 d
020 _a353412295X
035 _a(Sirsi) i9783534122950
040 _aPE-LiUPU
_bspa
_cPE-LiUPU
_erda
049 _aPRUA
082 0 4 _a492.402
_bR41
_221
100 1 _aRenz, Johannes,
_eautor.
245 1 0 _aDie Althebräischen inschriften :
_bTeil 1 ; text und Kommentar.
264 1 _aDarmstadt :
_bWissenschaftliche Buchgesellschaft,
_c1995.
300 _a456 páginas ;
_c25 centímetros
336 _atext
_2rdacontent
337 _aunmediated
_2rdamedia
338 _avolume
_2rdacarrier
490 0 _aHandbuch der althebräischen epigraphik, Band I
504 _aIncluye referencias bibliográficas.
505 0 _aEinleitung. -Die einzelnen inschriften.
526 _aP145
526 _aP127
526 _aP97
526 _aP35
526 _aP14
526 _aP07
650 0 4 _aINSCRIPCIONES HEBREAS
_yEPOCA ANTIGUA
_vTEXTOS.
700 1 _aRöllig, Wolfgang,
_eautor.
942 _2ddc
_cBOOK
949 _a492.402 R41
_wDEWEY
_c1
_i45063
_lCCODEBUL1
_mBUL
_r0
_sY
_tBOOK
_u2015-6-24
_xTEOLOGIA
_PP35
_0COMPRA
_o.STAFF. Colección General
994 _aC0
_bPEPRU
596 _a1
999 _a492.402 R41
_wDEWEY
_c21947
_i45063
_f2021-11-11
_g5
_lCCODEBUL1
_mBUL
_r0
_sY
_tBOOK
_u2015-6-24
_xTEOLOGIA
_PP35
_0COMPRA
_o.STAFF. Colección General
_d21947
980 _81
_gALBERTO SANCHEZ Responsable de Automatización